Чугунно-литейное дело: лекция, читанная в Михайловской артиллерийской академии ординарным профессором инженером-технологм Черновым

Dades bibliogràfiques
Sumari:Рукописный текст.
Idioma:rus
Publicat: СПб., Литография Маркова, 1901
Matèries:
Format: MixedMaterials Llibre
KOHA link:https://koha.lib.tpu.ru/cgi-bin/koha/opac-detail.pl?biblionumber=374551

MARC

LEADER 00000nbm0a2200000 4500
001 374551
005 20231101051221.0
035 |a (RuTPU)RU\TPU\retro\31985 
035 |a RU\TPU\book\207161 
090 |a 374551 
100 |a 20221219d1901 m y0rusy50 ca 
101 0 |a rus 
102 |a RU 
105 |a a j 000zy 
200 1 |a Чугунно-литейное дело  |e лекция, читанная в Михайловской артиллерийской академии ординарным профессором инженером-технологм Черновым 
210 |a СПб.  |c Литография Маркова  |d 1901 
215 |a 190 с.  |c ил. 
300 |a Рукописный текст. 
610 1 |a чугунолитейное производство 
610 1 |a чугунное литье 
610 1 |a чугун 
610 1 |a свойства 
610 1 |a плавление 
610 1 |a литейные формы 
610 1 |a изготовление 
610 1 |a отливки 
610 1 |a лекции 
610 1 |a учебные пособия 
675 |a 621.74(075.8)  |v 3 
801 1 |a RU  |b 63413507  |c 20110119 
801 2 |a RU  |b 63413507  |c 20221219  |g RCR 
942 |c BK